| 000 | 00802nam a22001577a 4500 | ||
|---|---|---|---|
| 003 | OSt | ||
| 005 | 20160105152152.0 | ||
| 008 | 160105b xxu||||| |||| 00| 0 eng d | ||
| 040 | _cRUA | ||
| 082 | _aLMA LEO 2011 B308 Or.1 | ||
| 100 |
_96044 _aLEOK, PHEAK. |
||
| 245 | _aWomen's knowledge on the systematic land registration process in sangkat beong trabaek, chamkar mon district, phnom penh, ចំណេះដឹងរបស់ស្ត្រីអំពីដំណើរការចុះបញ្ចីដីធ្លីមានលក្ខណៈជាប្រព័ន្ធ នៅសង្កត់បឹងត្របែក ខណ្ឌចំការមន រាជធានីភ្នំពេញ | ||
| 260 |
_aPhnom Penh _bRUA _c2011 |
||
| 300 |
_ai; 33p. _bill. _c29cm. |
||
| 942 |
_2ddc _cLMA |
||
| 999 |
_c5642 _d5642 |
||